| 000 | 01805 a2200229 4500 | ||
|---|---|---|---|
| 001 | 28360 | ||
| 005 | 20260407155555.0 | ||
| 008 | 260407a1985 arg spa d | ||
| 003 | AR-UNSa-BCEJYS | ||
| 040 |
_aAR-UNSa-BCEJYS _bspa _cAR-UNSa-BCEJYS |
||
| 080 |
_a342.1 _xEstado. Pueblo. Nación. Poder del estado (Derecho político) |
||
| 245 | 1 | 0 | _aDerecho político |
| 020 | _a950-14-0276-2 | ||
| 250 | _a6a. ed. | ||
| 264 | 1 |
_aBuenos Aires : _bEdiciones Depalma _c1985 |
|
| 300 |
_a2 v. _c23 cm. |
||
| 505 | _aVol. I: 1. Política y ciencia política - 2. Relaciones de la política - 3. Derecho político - 4. Teoría de la sociedad - 5. Los orígenes - 6. Naturaleza del estado - 7. Teoría del estado - 8. Método - 9. El estado - 10. Tipos históricos y formas políticas - 11. Elementos del estado - 12. El territorio - 13. Población - 14. El poder - 15. Justificación del poder - 16. Soberanía - 17. Estado y derecho - 18. Fines del estado - 19. Personalidad del estado - 20. La democracia -- Vol. II: 21. Teoría de la Constitución - 22. Organización del poder - 23. Gobierno y administración - 24. Centralización y descentralización. El estado federal - 25. Estado de necesidad - Revolución. Gobiernos de Facto - 26. Sufragio - 27. Principios, fundamentos y formas del sufragio - 28. Sistemas electorales y de representación - 29. La democracia política y el sufragio en nuestro país - 30. La representación política - 31. Los partidos políticos - 32. Los medios de acción de la política y la opinión pública - 33. Factores de poder y grupos de presión | ||
| 942 | _cBK | ||
| 590 | _aniveau_biblio:m niveau_hierar:0 | ||
| 100 | 1 | _aFayt, Carlos Santiago | |
| 856 | 4 | 1 |
_uhttps://biblioeco.unsa.edu.ar/pmb/images/libros/Derecho Pol?tico-l45007.jpg _yImagen de portada _qimage/jpeg |
| 999 |
_c1702 _d1702 |
||